ბათუმის შოთა რუსთაველის სახელმწიფო უნივერსიტეტის ბიბლიოთეკა

მუზეუმის მაცნე / (ბიბ.ჩანაწერი № 58796)

000 -LEADER
fixed length control field 00880nam a22001697a 4500
005 - DATE AND TIME OF LATEST TRANSACTION
control field 20220808124405.0
008 - FIXED-LENGTH DATA ELEMENTS--GENERAL INFORMATION
fixed length control field 220808b xxu||||| |||| 00| 0 geo d
020 ## - INTERNATIONAL STANDARD BOOK NUMBER
Qualifying information 19876807
041 ## - LANGUAGE CODE
Language code of text/sound track or separate title geo
245 ## - TITLE STATEMENT
Title მუზეუმის მაცნე /
Statement of responsibility, etc. მთავარი რედაქტორი ოთარ გოგოლიშვილი; ხარიტონ ახვლედიანის სახელობის აჭარის მუზეუმი.
260 ## - PUBLICATION, DISTRIBUTION, ETC.
Place of publication, distribution, etc. ბათუმი,
Date of publication, distribution, etc. 2019.
300 ## - PHYSICAL DESCRIPTION
Extent v.
653 ## - INDEX TERM--UNCONTROLLED
Uncontrolled term მუზეუმის მაცნე
700 ## - ADDED ENTRY--PERSONAL NAME
Personal name გოგოლიშვილი, ოთარ
Relator term მთავარი რედაქტორი
9 (RLIN) 14515
710 ## - ADDED ENTRY--CORPORATE NAME
Corporate name or jurisdiction name as entry element ხარიტონ ახვლედიანის სახელობის აჭარის მუზეუმი.
9 (RLIN) 14516
942 ## - ADDED ENTRY ELEMENTS (KOHA)
Source of classification or shelving scheme
Koha item type პერიოდიკა
ეგზემპლარები
Withdrawn status Lost status Source of classification or shelving scheme Damaged status Not for loan Permanent Location Current Location Shelving location Date acquired Serial Enumeration / chronology Barcode Date last seen Copy number Price effective from Koha item type
          ბათუმის შოთა რუსთაველის სახელმწიფო უნივერსიტეტის მთავარი ბიბლიოთეკა ბათუმის შოთა რუსთაველის სახელმწიფო უნივერსიტეტის მთავარი ბიბლიოთეკა წიგნსაცავი 2022-08-08 #11(2019) 80921 p 2022-08-08 80921 2022-08-08 პერიოდიკა